| 000 | 00839cam a22002777a 4500 | ||
|---|---|---|---|
| 001 | 002266 | ||
| 003 | armpunfd | ||
| 005 | 20140612090703.0 | ||
| 008 | 100514e0####xx#a##########000#0#und#d | ||
| 040 |
_aarmpunfd _carmpunfd |
||
| 080 | _a349.2 + 341.24 G 888 | ||
| 100 | 1 | 0 | _a Grisolia |
| 245 | 1 | 0 | _aDerecho laboral en la integracion regional |
| 260 |
_a Ueenos Aires : Sociedad Argentina De Derecho Laboral _b Isbn: 9987-98451-0-2. |
||
| 650 | 7 |
_a Convenios Colectivos _2LEMB |
|
| 650 | 7 |
_a Derecho Laboral _2LEMB |
|
| 650 | 7 |
_a Flexibilizacion Laboral _2LEMB |
|
| 650 | 7 |
_a Infortunios Laborales _2LEMB |
|
| 650 | 7 |
_a Mercosur _2LEMB |
|
| 650 | 7 |
_a Orden Publico Laboral _2LEMB |
|
| 700 | 1 | 0 | _aCapon Filas |
| 700 | 1 | 0 | _aFerreiros |
| 942 |
_cLB _2cdu |
||
| 945 |
_aCatalis _d2010-08-19 |
||
| 945 |
_aCatalis _d2010-08-19 |
||
| 999 |
_c2256 _d232760 |
||